Word power made easy : (Record no. 6683)
[ view plain ]
| 000 -LEADER | |
|---|---|
| fixed length control field | 00595nam a2200217 a 4500 |
| 001 - CONTROL NUMBER | |
| JCCL Control Number | 6683 |
| 003 - CONTROL NUMBER IDENTIFIER | |
| JCCL marc code | BD-JhCC |
| 005 - DATE AND TIME OF LATEST TRANSACTION | |
| control field | 20180130174218.0 |
| 008 - FIXED-LENGTH DATA ELEMENTS--GENERAL INFORMATION | |
| fixed length control field | 180128s1988 ii |||| || | 000 0 eng d |
| 035 ## - SYSTEM CONTROL NUMBER | |
| system control number | (BD-JhCC)6683 |
| 040 ## - CATALOGING SOURCE | |
| Original cataloging agency | BD-JhCC |
| Modifying agency | BD-JhCC |
| 041 ## - LANGUAGE CODE | |
| Language code of Book | eng |
| 082 ## - DEWEY DECIMAL CLASSIFICATION NUMBER | |
| Classification number | 428.1 |
| Author mark and Year | LEW 1988 |
| 100 ## - MAIN ENTRY--PERSONAL NAME | |
| Personal name | Lewis, Norman |
| 245 ## - TITLE STATEMENT | |
| Title | Word power made easy : |
| Remainder of title | the complete handbook for building a superior vocabulary / |
| Statement of responsibility, etc | Norman Lewis, |
| 260 ## - PUBLICATION, DISTRIBUTION, ETC. (IMPRINT) | |
| Place of publication, distribution, etc | India : |
| Name of publisher, distributor, etc | Goyal Saab Publishers, |
| Date of publication, distribution, etc | 1988 |
| 300 ## - PHYSICAL DESCRIPTION | |
| Pagination | 527 p. : |
| Dimensions | 18 cm. |
| 650 ## - SUBJECT ADDED ENTRY--TOPICAL TERM | |
| Topical term or geographic name as entry element | Vocabulary |
| 942 ## - ADDED ENTRY ELEMENTS (KOHA) | |
| Source of classification or shelving scheme | Dewey Decimal Classification |
| Koha item type | Books |
| Source of classification or shelving scheme | Damaged status | Not for loan | Home library | Current library | Shelving location | Date of accession | Total Checkouts | Full call number | Barcode | Date last seen | Copy number | Koha item type | Source of acquisition | Cost, normal purchase price | Date checked out | Method of acquisition | Currency |
|---|---|---|---|---|---|---|---|---|---|---|---|---|---|---|---|---|---|
| Dewey Decimal Classification | JCC Rouf Library | JCC Rouf Library | General Stacks | 01/28/2018 | 428.1 LEW 1988 | 9015 | 01/28/2018 | C-1 | Books | ||||||||
| Dewey Decimal Classification | JCC Rouf Library | JCC Rouf Library | General Stacks | 1 | 428.1 LEW 2015 | 19796 | 02/13/2025 | C-2 | Books | With the compliments of Maj (Retd) Syed Sakhawat Hussain,07/0388/K | 380.00 | 01/20/2025 | Gift/Donation | BDT |